000 00362nam a2200145Ia 4500
008 230711s9999||||xx |||||||||||||| ||und||
041 _aENG
082 _a677
_bCA-E
100 _aCable,Sherry
245 0 _aEnvironmental problems/grassroots solutions
250 _a1st . Ed.
260 _c1995
_aNew Delhi
_bSpringer
650 _aCivil Engineering
942 _cBK
999 _c3609
_d3609